banner koha

Plantio direto e sustentabilidade: biografia do pioneiro inglês de plantio direto no Brasil tropical, John N. Landers (Registro n. 9224)

MARC details
000 -LÍDER
Campo de controle fixo 00791nam a22002657a 4500
001 - NÚMERO DE CONTROLE
Número de controle BR2023000575
003 - CÓDIGO MARC DA AGÊNCIA CATALOGADORA
Campo de controle BR-BrBNA
005 - DATA E HORA DA ÚLTIMA ATUALIZAÇÃO
Campo de controle 20230529165348.0
008 - CAMPO DE TAMANHO FIXO
Campo fixo de controle 230525b bl.||||| |||| 00| 0 por d
040 ## - FONTE DA CATALOGAÇÃO
Agência catalogadora BR-BrBNA
Idioma da catalogação por
041 ## - CÓDIGO DO IDIOMA
Código do Idioma por
072 ## - CATEGORIA AGRIS
Código da categoria de assunto B50 ; F01 ; F08
090 ## - NÚMERO DE CHAMADA
Número de Chamada B50 BR2023000575
110 ## - ENTRADA PRINCIPAL - ENTIDADE
Nome da entidade ou lugar Associação de Plantio Direto no Cerrado, Brasília, DF (Brazil)
245 ## - TÍTULO PRINCIPAL
Título principal Plantio direto e sustentabilidade: biografia do pioneiro inglês de plantio direto no Brasil tropical, John N. Landers
260 ## - IMPRENTA (PUBLICAÇÃO, DISTRIBUIÇÃO, ETC.)
Lugar de publicação, distribuição, etc. Brasília, DF (Brazil)
Data de publicação, distribuição, etc [nd]
300 ## - DESCRIÇÃO FÍSICA
Extensão 16 p.
500 ## - NOTA GERAL
Notas gerais Published 2005?; 4 illus.
650 ## - ASSUNTO - THESAGRO
Cabeçalho tópico ou nome geográfico HISTÓRIA
650 ## - ASSUNTO - THESAGRO
Cabeçalho tópico ou nome geográfico BIOGRAFIA
650 ## - ASSUNTO - THESAGRO
Cabeçalho tópico ou nome geográfico PLANTIO DIRETO
650 ## - ASSUNTO - THESAGRO
Cabeçalho tópico ou nome geográfico SEMEADURA DIRETA
909 ## - IDENTIFICAÇÃO DO CATALOGADOR
Ano e mês da catalogação (aaaamm) 202305
Identificação do catalogador Fernando
942 ## - TIPO ESPECÍFICO
Tipo de material Livros
952 ## - LOCATION AND ITEM INFORMATION (KOHA)
-- 2023-05-25
Exemplares
Status de empréstimo Fonte de classificação Status de danificação Não pode ser emprestado Código da coleção Localização permanente Localização atual Localização na estante Total Checkouts Número de chamada Código de barras Tipo de material
  Classificação AGRIS     Agrobase Biblioteca Nacional de Agricultura - Binagri Biblioteca Nacional de Agricultura - Binagri Agrobase - Acervo Geral   B50 BR2023000575 2023-435670 Livros

BINAGRI

Telefone: (61)3218-2567/2388/3357/2097 - binagri@agro.gov.br

Ministério da Agricultura e Pecuária , Esplanada dos Ministérios, Bloco D, Anexo B, Brasília/DF, CEP: 70.043-900